Score 0/15 Timer 02:00
2 Plays Today
Clue 6-Letter Word % Correct
J.K. Rowling's child wizard HarryPOTTER
99.5%
A wall-hanging ad for a moviePOSTER
96.2%
Having greater speed thanFASTER
93.2%
Bother or annoyPESTER
91.3%
Uncle from 'The Addams Family'FESTER
89.8%
To think deeply onPONDER
86.8%
The Pyramid at Giza or Hanging Gardens of Babylon, e.g.WONDER
86.2%
To roam around aimlesslyWANDER
85.9%
Clue 6-Letter Word % Correct
Former news anchor CronkiteWALTER
80.2%
Stumble or stammerFALTER
76.9%
Fine snow or matter with small particlePOWDER
65.3%
Former NFL Herschel or actor Paul of 'The Fast and the Furious'WALKER
64.3%
Peg Bundy's maiden name on 'Married... with Children'WANKER
53.4%
A tin-based alloy used for old kitchen utensilsPEWTER
41%
Super-blonde motivational speaker SusanPOWTER
38.1%

Today's Daily Dose

Remove Ads.
Support Sporcle.
Get the best of Sporcle when you Go Orange. This ad-free experience offers more features, more stats, and more fun while also helping to support Sporcle. Thank you for becoming a member.

You're not logged in!

Compare scores with friends on all Sporcle quizzes.
OR
Log In

Show Comments

Extras

Top Quizzes Today


Score Distribution

Your Account Isn't Verified!

In order to create a playlist on Sporcle, you need to verify the email address you used during registration. Go to your Sporcle Settings to finish the process.

Report this User

Report this user for behavior that violates our Community Guidelines.

Details: